| 000 | 00872nam a2200253Ia 4500 | ||
|---|---|---|---|
| 003 | OSt | ||
| 005 | 20221002043951.0 | ||
| 006 | a|||||r|||| 00| 0 | ||
| 007 | ta | ||
| 008 | 220930b |||||||| |||| 00| 0 eng d | ||
| 020 |
_a8172731760 _c995 |
||
| 024 | _a82212 | ||
| 037 |
_b168, 30/03/2005, Trans--India Book Distributors _cReference Collections |
||
| 040 |
_aCRL _cCRL _beng |
||
| 041 |
_2eng _aeng |
||
| 082 | _a2jN34, P4 (RR) | ||
| 100 | _aDhawan S M Ed. | ||
| 245 | 0 |
_aLibrary and Information studies in cyber age _b Essays in Honour of Professor J. L. Sardana edited by S. M. Dhawan |
|
| 260 |
_aDelhi _bAuthors Press India _c2004 |
||
| 300 |
_a606p. _ccm. |
||
| 650 | _aLIBRARY SCIENCE | ||
| 942 |
_h2jN34, P4 (RR) _cref _2CC |
||
| 999 |
_c909285 _d909285 |
||